[Event "BCF-chT2 2324 (4NCL)"]
[Site "England"]
[Date "2024.02.11"]
[Round "6.24"]
[White "Saunders, Aron"]
[Black "Foo, Benjamin"]
[Result "1/2-1/2"]
[WhiteElo "2083"]
[BlackElo "2207"]
[PlyCount "43"]
[EventDate "2023.11.11"]
[EventType "team-tourn"]
[EventRounds "11"]
[EventCountry "ENG"]
[SourceTitle "CB11_2024"]
[SourceDate "2024.03.13"]
[SourceVersion "1"]
[SourceVersionDate "2024.03.13"]
[SourceQuality "1"]
[WhiteTeam "The Audible Checks"]
[BlackTeam "Schach Attack"]
[WhiteTeamCountry "ENG"]
[BlackTeamCountry "ENG"]

1. e4 e5 2. Nf3 Nc6 3. Bc4 Nf6 4. d3 Bc5 5. c3 0-0 6. 0-0 d5 7. exd5 Nxd5 8. Nbd2 Nb6 9. Bb5 Bd6 10. Ne4 f5 11. Ng3 h6 12. Re1 Re8 13. a4 a6 14. Bxc6 bxc6 15. a5 Nd5 16. Qa4 Bd7 17. Qh4 Re7 18. Qh5 Nf6 19. Qg6 Be8 20. Qxf5 Bd7 21. Qg6 Be8 22. Qf5 1/2-1/2

[Event "BCF-chT2 2324 (4NCL)"]
[Site "England"]
[Date "2024.02.10"]
[Round "5.24"]
[White "Gooding, Ian R"]
[Black "Saunders, Aron"]
[Result "0-1"]
[WhiteElo "1922"]
[BlackElo "2083"]
[PlyCount "77"]
[EventDate "2023.11.11"]
[EventType "team-tourn"]
[EventRounds "11"]
[EventCountry "ENG"]
[SourceTitle "CB11_2024"]
[SourceDate "2024.03.13"]
[SourceVersion "1"]
[SourceVersionDate "2024.03.13"]
[SourceQuality "1"]
[WhiteTeam "Cambridge University II"]
[BlackTeam "The Audible Checks"]
[WhiteTeamCountry "ENG"]
[BlackTeamCountry "ENG"]

1. e4 c6 2. c4 d5 3. exd5 cxd5 4. cxd5 Nf6 5. Nc3 Nxd5 6. Nf3 Nc6 7. Bb5 e6 8. 0-0 Be7 9. d4 0-0 10. Re1 Bd7 11. Nxd5 exd5 12. Qb3 Be6 13. Bf4 Qb6 14. Bxc6 bxc6 15. Rac1 Rfc8 16. Be5 Qxb3 17. axb3 Bb4 18. Re2 Bf5 19. Bf4 f6 20. h3 h5 21. Bd2 Bd6 22. Nh4 Be4 23. f3 Bd3 24. Re3 Bh7 25. g4 hxg4 26. hxg4 Kf7 27. Nf5 Bxf5 28. gxf5 Bf4 29. Re2 Bxd2 30. Rxd2 Rc7 31. Rdc2 Rac8 32. Kf2 g6 33. fxg6+ Kxg6 34. Ke3 Kf5 35. Rc5 Rb7 36. R1c3 Re8+ 37. Kd3 Rbe7 38. Rxc6 Re2 39. R6c5 0-1

[Event "Hastings Weekend op-A"]
[Site "Hastings"]
[Date "2024.01.07"]
[Round "4"]
[White "Saunders, Aron"]
[Black "Bai, Xue"]
[Result "1/2-1/2"]
[WhiteElo "2083"]
[BlackElo "2099"]
[PlyCount "37"]
[EventDate "2024.01.06"]
[EventType "swiss"]
[EventRounds "5"]
[EventCountry "ENG"]
[SourceTitle "CB02_2024"]
[SourceDate "2024.01.10"]
[SourceVersion "1"]
[SourceVersionDate "2024.01.10"]
[SourceQuality "1"]

1. e4 e5 2. Nf3 Nc6 3. Bc4 Nf6 4. d3 h6 5. 0-0 Be7 6. Re1 d6 7. c3 0-0 8. Nbd2 Be6 9. Bxe6 fxe6 10. d4 exd4 11. cxd4 Qd7 12. Nf1 d5 13. e5 Ne4 14. Ng3 Nxg3 15. hxg3 b6 16. Qd3 Nd8 17. Bxh6 gxh6 18. Qg6+ Kh8 19. Qxh6+ 1/2-1/2

[Event "Cambridge op"]
[Site "Cambridge"]
[Date "2023.02.17"]
[Round "5"]
[White "Saunders, Aron"]
[Black "Lazarus, Simon E"]
[Result "1-0"]
[WhiteElo "2109"]
[BlackElo "1831"]
[PlyCount "73"]
[EventDate "2023.02.15"]
[EventType "swiss"]
[EventRounds "9"]
[EventCountry "ENG"]
[SourceTitle "CBM 212 Extra"]
[Source "ChessBase"]
[SourceDate "2023.03.31"]
[SourceVersion "1"]
[SourceVersionDate "2023.03.31"]
[SourceQuality "1"]

1. e4 c5 2. Nf3 e6 3. g3 Nc6 4. Bg2 d6 5. 0-0 Nf6 6. Re1 Be7 7. c3 0-0 8. d4 d5 9. e5 Ne4 10. Nbd2 Nxd2 11. Qxd2 cxd4 12. Nxd4 Nxd4 13. Qxd4 Qc7 14. Qg4 Kh8 15. Bf4 Qb6 16. Rab1 f5 17. exf6 gxf6 18. Qe2 Re8 19. Qh5 Bd7 20. c4 e5 21. Bh6 Rg8 22. Bxd5 Rg6 23. Be3 Qd8 24. Qe2 Qc8 25. Rbd1 Bb4 26. Bd2 Bc5 27. Bc3 Bg4 28. Bf3 Bxf3 29. Qxf3 Qh3 30. b4 Rh6 31. bxc5 Qxh2+ 32. Kf1 Rg8 33. Rd6 Qh3+ 34. Ke2 Rf8 35. Kd2 Qc8 36. Rxe5 fxe5 37. Bxe5+ 1-0

[Event "Berks & Bucks op"]
[Site "Maidenhead"]
[Date "2022.08.29"]
[Round "5"]
[White "Saunders, Aron"]
[Black "Bicknell, Carl"]
[Result "1/2-1/2"]
[WhiteElo "1836"]
[BlackElo "2106"]
[PlyCount "126"]
[EventDate "2022.08.27"]
[EventType "swiss"]
[EventRounds "6"]
[EventCountry "ENG"]
[SourceTitle "CBM 210 Extra"]
[Source "ChessBase"]
[SourceDate "2022.11.30"]
[SourceVersion "1"]
[SourceVersionDate "2022.11.30"]
[SourceQuality "1"]

1. e4 e5 2. Nf3 Nc6 3. Bb5 a6 4. Ba4 Nf6 5. 0-0 Nxe4 6. Re1 Nc5 7. Bxc6 dxc6 8. Nxe5 Be7 9. d4 Ne6 10. c3 0-0 11. Nd2 c5 12. dxc5 Nxc5 13. Qc2 g6 14. Nf1 Bf5 15. Qe2 Bf6 16. Nf3 Re8 17. Be3 Qd5 18. Qd1 Qxd1 19. Raxd1 Na4 20. Rd2 Nxc3 21. bxc3 Bxc3 22. Rc1 Bxd2 23. N1xd2 Rac8 24. Bf4 Re7 25. a3 f6 26. Nd4 Bd7 27. h4 c5 28. Bd6 Ree8 29. Rxc5 Rxc5 30. Bxc5 Re5 31. Bb6 Kf7 32. Nc4 Re1+ 33. Kh2 Bc6 34. Kg3 Rc1 35. Ne3 Rc3 36. Nxc6 Rxc6 37. Bd4 b5 38. Kf4 a5 39. Ke4 Ke6 40. g4 b4 41. axb4 axb4 42. f4 b3 43. Bb2 Ra6 44. f5+ Kf7 45. g5 Ra4+ 46. Kd3 fxg5 47. hxg5 gxf5 48. Nxf5 Kg6 49. Nd4 Ra2 50. Kc3 Kxg5 51. Kxb3 Ra8 52. Kc4 h5 53. Kd3 Re8 54. Nf3+ Kf4 55. Ne5 Kg3 56. Bc3 Kf2 57. Ke4 h4 58. Kf4 h3 59. Ng4+ Kg2 60. Be5 Rg8 61. Ne3+ Kg1 62. Ng4 Rg6 63. Kf3 Rxg4 1/2-1/2

[Event "Leamington Spa 4NCL op-A 28th"]
[Site "Leamington Spa"]
[Date "2022.07.09"]
[Round "3"]
[White "Jones, Steven"]
[Black "Saunders, Aron"]
[Result "1/2-1/2"]
[WhiteElo "2251"]
[BlackElo "1769"]
[PlyCount "77"]
[EventDate "2022.07.08"]
[EventType "swiss"]
[EventRounds "5"]
[EventCountry "ENG"]
[SourceTitle "CBM 209 Extra"]
[Source "ChessBase"]
[SourceDate "2022.09.30"]
[SourceVersion "1"]
[SourceVersionDate "2022.09.30"]
[SourceQuality "1"]

1. e4 c6 2. Nc3 d5 3. Nf3 Bg4 4. h3 Bxf3 5. Qxf3 e6 6. Be2 Bc5 7. 0-0 Nd7 8. Qg3 Bd4 9. exd5 cxd5 10. Nb5 Be5 11. Qa3 a6 12. Nd6+ Bxd6 13. Qxd6 Rc8 14. c3 Qe7 15. Qxe7+ Nxe7 16. d4 0-0 17. Bf4 Nc6 18. Rfd1 Rfe8 19. Rac1 f6 20. c4 dxc4 21. d5 Nce5 22. dxe6 Nf8 23. Bxe5 fxe5 24. Bxc4 b5 25. Bb3 Rxc1 26. e7+ Rc4 27. exf8R+ Kxf8 28. Bxc4 bxc4 29. Rc1 Rb8 30. Rxc4 Rxb2 31. Ra4 Rb6 32. Ra5 Re6 33. Kf1 Ke7 34. Ke2 Kf6 35. Rc5 Rb6 36. a4 Rb2+ 37. Ke3 Rb3+ 38. Kd2 Rb2+ 39. Ke3 1/2-1/2

[Event "Leamington Spa 4NCL op 26th"]
[Site "Leamington Spa"]
[Date "2021.09.12"]
[Round "4"]
[White "Finn, Peter"]
[Black "Saunders, Aron"]
[Result "1-0"]
[WhiteElo "1981"]
[BlackElo "1617"]
[PlyCount "75"]
[EventDate "2021.09.10"]
[EventType "swiss"]
[EventRounds "5"]
[EventCountry "ENG"]
[SourceTitle "CBM 204 Extra"]
[Source "ChessBase"]
[SourceDate "2021.11.30"]
[SourceVersion "1"]
[SourceVersionDate "2021.11.30"]
[SourceQuality "1"]

1. e4 c6 2. d4 d5 3. e5 Bf5 4. Nf3 e6 5. Be2 c5 6. Be3 cxd4 7. Nxd4 Ne7 8. c4 Nbc6 9. Qa4 Qa5+ 10. Qxa5 Nxa5 11. cxd5 Nxd5 12. Bb5+ Kd8 13. Nxf5 exf5 14. Bd2 Nc6 15. Nc3 Nxc3 16. Bxc3 Bc5 17. 0-0 Ke7 18. Rac1 Rac8 19. Rfd1 Rhd8 20. Kf1 a6 21. Bd3 g6 22. a3 Bd4 23. Bxd4 Rxd4 24. Be2 Rcd8 25. Rxd4 Nxd4 26. Rc7+ Rd7 27. Rxd7+ Kxd7 28. Bc4 Ne6 29. Ke2 h6 30. Ke3 Kc6 31. h3 Kc5 32. Ba2 a5 33. g4 fxg4 34. hxg4 h5 35. gxh5 gxh5 36. f4 Kc6 37. f5 Nd8 38. Kf4 1-0

[Event "Leamington Spa 4NCL op 26th"]
[Site "Leamington Spa"]
[Date "2021.09.12"]
[Round "5"]
[White "Saunders, Aron"]
[Black "Moyse, Nigel John"]
[Result "1-0"]
[WhiteElo "1617"]
[BlackElo "2024"]
[PlyCount "65"]
[EventDate "2021.09.10"]
[EventType "swiss"]
[EventRounds "5"]
[EventCountry "ENG"]
[SourceTitle "CBM 204 Extra"]
[Source "ChessBase"]
[SourceDate "2021.11.30"]
[SourceVersion "1"]
[SourceVersionDate "2021.11.30"]
[SourceQuality "1"]

1. e4 d6 2. d4 Nf6 3. Bd3 e5 4. dxe5 dxe5 5. Nf3 c6 6. 0-0 Qc7 7. h3 h6 8. Bd2 Be6 9. Bc3 Nbd7 10. Nbd2 b5 11. b4 a6 12. Nh4 c5 13. bxc5 Nxc5 14. Bb2 Na4 15. Qc1 Nxb2 16. Qxb2 Bc5 17. Ndf3 Nd7 18. a4 b4 19. Nf5 0-0 20. Rad1 f6 21. N3h4 Kh7 22. Qc1 Nb6 23. Qd2 Nxa4 24. Kh1 Nc3 25. Rde1 Rad8 26. f4 exf4 27. e5 g6 28. Nxg6 Kxg6 29. Qxf4 Rxd3 30. Qxh6+ Kf7 31. Qg7+ Ke8 32. Qxc7 Rd5 33. Ng7# 1-0